Los Tratamientos en el Español Intermontano Central de Costa Rica, Área Metropilotana: Un Análisis Socio-pragmático

Gespeichert in:
Bibliographische Detailangaben
1. Verfasser: Arias Núnez, Carolina
Format: Buch
Sprache:Undetermined
Veröffentlicht: San José, Costa Rica Universidad de Costa Rica, Facultad de Letras, Escuela de Filología, Lingüística y Literatura 2002
Schlagworte:
Tags: Tag hinzufügen
Keine Tags, Fügen Sie den ersten Tag hinzu!

MARC

LEADER 00000nam a2200000Ia 4500
008 170316s9999 xx 000 0 und d
040 |a cru BVZT 
090 |a TESIS 684 
100 |a Arias Núnez, Carolina 
245 |a Los Tratamientos en el Español Intermontano Central de Costa Rica, Área Metropilotana: Un Análisis Socio-pragmático 
260 |a San José, Costa Rica 
260 |b Universidad de Costa Rica, Facultad de Letras, Escuela de Filología, Lingüística y Literatura 
260 |c 2002 
300 |a 98 páginas 
650 |a TRABAJO FINAL DE GRADUACIÓN 
650 |a LICENCIATURA EN FILOLOGÍA 
650 |a LÉXICO 
650 |a ANÁLISIS 
999 |c 14342  |d 14342 
942 |c TFG  |h TESIS 684  |2 z